Państwa które mają własne terytorium na Antarktydzie - Statystyki

Ogólne statystyki
  • Ten quiz został rozwiązany 7 razy
  • Średni wynik to 6 z 7
Statystyki odpowiedzi
Nazwa terytorium antarktycznych Odpowiedź % Poprawnych
_____ Terytoria Południowe i Antarktyczne Wybrzeże Adeli Francja
100%
_____ Terytorium Antarktyczne Wielka Brytania
100%
Antarktyda A____ńska Argentyna
83%
_____ Terytorium Antarktyczne Australia
83%
Ziemia Królowej Maud i Wyspa Piotra I Norwegia
83%
_____ Terytorium Antarktyczne Chile
67%
Dependencja Rossa Nowa Zelandia
67%
Nie znaleziono quizów pasujących do podanych kryteriów
Rozkład punktacji
Procent ludzi z każdym wynikiem
Percentyl według liczby udzielonych odpowiedzi
Twoja historia wyników
Nie rozwiązałeś tego quizu